| Tag |
First Indicator |
Second Indicator |
Subfields |
| LEADER |
00000cam a2200000 a 4500 |
| 001 |
in00001234930 |
| 005 |
20151003060915.0 |
| 008 |
960117s1994 onca 000 0 eng d |
| 020 |
|
|
|a 1895102669
|
| 027 |
|
|
|a VW-IC-1-01994
|
| 035 |
|
|
|a (OCoLC)34045881
|
| 035 |
|
|
|9 AGS2891AM
|
| 040 |
|
|
|a TXA
|c TXA
|d UtOrBLW
|
| 043 |
|
|
|a n-cn---
|
| 049 |
|
|
|a TXAM
|
| 090 |
|
|
|a HE5635.A6
|b I47 1994
|
| 245 |
0 |
0 |
|a Impacts of Canada's heavy vehicle weights and dimensions research and interprovincial agreement /
|c Transportation Association of Canada.
|
| 264 |
|
1 |
|a Ottawa, Canada :
|b The Association,
|c [1994]
|
| 300 |
|
|
|a 1 volume (various pagings) :
|b illustrations ;
|c 28 cm.
|
| 336 |
|
|
|a text
|b txt
|2 rdacontent
|
| 337 |
|
|
|a unmediated
|b n
|2 rdamedia
|
| 338 |
|
|
|a volume
|b nc
|2 rdacarrier
|
| 500 |
|
|
|a At head of title: Canadian Trucking Research Institute.
|
| 500 |
|
|
|a "October 1994."
|
| 650 |
|
0 |
|a Trucking
|z Canada.
|
| 650 |
|
0 |
|a Trucking
|x Law and legislation
|z Canada.
|
| 710 |
2 |
|
|a Transportation Association of Canada.
|
| 710 |
2 |
|
|a Canadian Trucking Research Institute.
|
| 999 |
|
|
|a MARS
|
| 999 |
f |
f |
|s eb5ce673-f5b8-3f60-8370-2f07040cb44d
|i 0c0361d6-59ca-36d2-a853-e15896a6b51a
|t 0
|
| 952 |
f |
f |
|p ric
|a Texas A&M University
|b Rellis Campus
|c Joint Library Facility
|d Remote Storage
|t 0
|e HE5635.A6 I47 1994
|h Library of Congress classification
|i unmediated -- volume
|m A14819820024
|
| 998 |
f |
f |
|a HE5635.A6 I47 1994
|t 0
|l Remote Storage
|